[Event "TUR-chT Clubs"]
[Site "Konya"]
[Date "2019.07.19"]
[Round "6.9"]
[White "Gulbas, Isa"]
[Black "Akbas, Umut Ata"]
[Result "0-1"]
[WhiteElo "1486"]
[BlackElo "1912"]
[PlyCount "62"]
[EventDate "2019.07.16"]
[EventType "team-swiss"]
[EventRounds "9"]
[EventCountry "TUR"]
[SourceTitle "CBM 191 Extra"]
[Source "ChessBase"]
[SourceDate "2019.09.30"]
[SourceVersion "1"]
[SourceVersionDate "2019.09.30"]
[SourceQuality "1"]
[WhiteTeam "Edeler Gorme Engelliler"]
[BlackTeam "Samsun Genclik"]
[WhiteTeamCountry "TUR"]
[BlackTeamCountry "TUR"]

1. d4 Nf6 2. Nf3 g6 3. Bf4 Bg7 4. e3 0-0 5. h3 d6 6. Bd3 Nbd7 7. 0-0 b6 8. Nbd2 Bb7 9. Qe2 a6 10. c3 Re8 11. e4 e5 12. dxe5 dxe5 13. Bg5 h6 14. Bh4 g5 15. Bg3 Nh5 16. Rad1 Qe7 17. Rfe1 Nf4 18. Bxf4 exf4 19. Nd4 Nc5 20. Bc2 Rad8 21. Nf5 Qf6 22. Nxg7 Qxg7 23. f3 b5 24. Nb3 Na4 25. Bb1 Bc8 26. Qf2 Qf6 27. Nd4 Nb6 28. Bd3 c5 29. Nf5 Re5 30. Kh1 Na4 31. Qc2 Rde8 0-1

[Event "TUR-chT Clubs"]
[Site "Konya"]
[Date "2019.07.17"]
[Round "2.21"]
[White "Gulbas, Isa"]
[Black "Bicaklioglu, Denizhan"]
[Result "1-0"]
[WhiteElo "1486"]
[BlackElo "1139"]
[PlyCount "83"]
[EventDate "2019.07.16"]
[EventType "team-swiss"]
[EventRounds "9"]
[EventCountry "TUR"]
[SourceTitle "CBM 191 Extra"]
[Source "ChessBase"]
[SourceDate "2019.09.30"]
[SourceVersion "1"]
[SourceVersionDate "2019.09.30"]
[SourceQuality "1"]
[WhiteTeam "Edeler Gorme Engelliler"]
[BlackTeam "Akcakoca Palamut Bric"]
[WhiteTeamCountry "TUR"]
[BlackTeamCountry "TUR"]

1. d4 d5 2. Nf3 Nf6 3. Bf4 e6 4. h3 Nbd7 5. e3 c6 6. Bd3 Qa5+ 7. c3 Be7 8. Nbd2 0-0 9. 0-0 Qd8 10. Ne5 c5 11. Qe2 c4 12. Bc2 b5 13. e4 Nxe5 14. Bxe5 Nd7 15. Bh2 dxe4 16. Qxe4 Nf6 17. Qxa8 Qd7 18. Qf3 Bb7 19. Qe2 Qd5 20. f3 Nh5 21. Be4 Qd7 22. Bxb7 Qxb7 23. Qe4 Qd7 24. Be5 f6 25. Bh2 Bd6 26. Rae1 Bxh2+ 27. Kxh2 Qd6+ 28. f4 f5 29. Qxe6+ Qxe6 30. Rxe6 Nf6 31. Rfe1 h6 32. Re7 Ra8 33. Rb7 a6 34. Ree7 Nd5 35. Rxg7+ Kf8 36. Rh7 Kg8 37. Rbg7+ Kf8 38. Nf3 Nxf4 39. Ne5 Rd8 40. g3 Nh5 41. Ng6+ Ke8 42. Rh8# 1-0

[Event "Hatay op 10th"]
[Site "Hatay"]
[Date "2018.09.07"]
[Round "6"]
[White "Coskun, Emre"]
[Black "Gulbas, Isa"]
[Result "1-0"]
[WhiteElo "1675"]
[BlackElo "1366"]
[PlyCount "75"]
[EventDate "2018.09.02"]
[EventType "swiss"]
[EventRounds "9"]
[EventCountry "TUR"]
[SourceTitle "CBM 186 Extra"]
[Source "ChessBase"]
[SourceDate "2018.08.24"]
[SourceVersion "1"]
[SourceVersionDate "2018.08.24"]
[SourceQuality "1"]

1. e4 c5 2. Nc3 Nc6 3. g3 g6 4. Bg2 Bg7 5. d3 e6 6. f4 Nge7 7. Nf3 d5 8. 0-0 0-0 9. Qe1 Nd4 10. Qf2 Nxf3+ 11. Qxf3 d4 12. Ne2 f5 13. e5 Nd5 14. c3 dxc3 15. bxc3 Rb8 16. d4 Rf7 17. c4 Nb4 18. d5 b5 19. a3 Na6 20. cxb5 Nc7 21. d6 Nxb5 22. Rd1 Rd7 23. Qb3 c4 24. Qxc4 Rxd6 25. exd6 Bxa1 26. d7 Bxd7 27. a4 Qb6+ 28. Kh1 Rc8 29. Qd3 Rxc1 30. Rxc1 Bb2 31. Rd1 Nd4 32. Nxd4 Bxa4 33. Nc2 Qc7 34. Qd8+ Qxd8 35. Rxd8+ Kf7 36. Ra8 Bxc2 37. Rxa7+ Kf6 38. Ra2 1-0